Carregant...
Divergent series
| Autor principal: | |
|---|---|
| Format: | Printed Book |
| Publicat: |
Clarendon Press, Oxford
1963
|
| Matèries: |
| LEADER | 00507nam a2200169 4500 | ||
|---|---|---|---|
| 082 | |a 515.243 HAR-D | ||
| 100 | |a Hardy, G H | ||
| 245 | |a Divergent series |c G H Hardy | ||
| 250 | |||
| 260 | |a Clarendon Press, Oxford |c 1963 | ||
| 300 | |||
| 490 | |||
| 650 | |a Continued fractions-- Summability theory-- Series-- Infinite-- Eisenstein series | ||
| 700 | |||
| 942 | |c BK | ||
| 999 | |c 199699 |d 199699 | ||
| 952 | |0 0 |1 0 |4 0 |6 515_243000000000000_HARD |7 0 |9 213048 |a MAT |b MAT |l 0 |o 515.243 HAR-D |p MAT251 |r 2019-11-01 |w 2019-11-01 |y BK | ||